000 00350nam a2200145 i 4500
001 bg
100 1 _aOLSZEWSKI, Henryk
245 0 _aHistoria doktryn politycznych i prawnych /
_cHenryk Olszewski.
250 _a[Wyd.2].
260 _aWarszawa,
_c1984.
040 _cBPK
041 _apol
942 _cKS
008 s pl f |000 0 pol
999 _c2345
_d2345
856 _uhttp://koha.tu.koszalin.pl/cgi-bin/koha/opac-detail.pl?biblionumber=2345
_yKatalog online BPK